Welcome to CU Library Online Public Access Catalogue (OPAC)

The Complete Book of Vitamins/ (Record no. 4253)

MARC details
000 -LEADER
fixed length control field 00407nam a22001457a 4500
005 - DATE AND TIME OF LATEST TRANSACTION
control field 20250223211740.0
008 - FIXED-LENGTH DATA ELEMENTS--GENERAL INFORMATION
fixed length control field 250223b |||||||| |||| 00| 0 eng d
020 ## - INTERNATIONAL STANDARD BOOK NUMBER
International Standard Book Number 875960332
050 ## - LIBRARY OF CONGRESS CALL NUMBER
Classification number RM259
Item number .C65
245 ## - TITLE STATEMENT
Title The Complete Book of Vitamins/
Statement of responsibility, etc. by J. I. Rodale and Staff
260 ## - PUBLICATION, DISTRIBUTION, ETC.
Place of publication, distribution, etc. Emmaus, Pennsylvania
Name of publisher, distributor, etc. Rodale Books
Date of publication, distribution, etc. 1977
300 ## - PHYSICAL DESCRIPTION
Extent 688p.
Dimensions 22.5cm
700 ## - ADDED ENTRY--PERSONAL NAME
Personal name Rodale, J. I.
942 ## - ADDED ENTRY ELEMENTS (KOHA)
Source of classification or shelving scheme Library of Congress Classification
Koha item type Books
Suppress in OPAC No
999 ## -
-- 4253
-- 4253
Holdings
Withdrawn status Lost status Source of classification or shelving scheme Damaged status Not for loan Collection Home library Current library Shelving location Date acquired Total checkouts Full call number Barcode Date last seen Copy number Price effective from Koha item type
    Library of Congress Classification     Non-fiction Science Library (Miotso) Science Library (Miotso) General stacks 02/23/2025   RM259 .C65 COM SLM00003987 02/23/2025 1 02/23/2025 Books
© 2023-2024 Copyright: Central University Libraries. All Rights Reserved | Created by: Mahone Tech Office